000 00561nam a2200181 i 4500
001 bgj
100 1 _aZGORZELSKI, Andrzej.
245 1 0 _aLectures on British literature :
_ba historical survey course.
_nPart 3 /
_cselection and integration by Andrzej Zgorzelski.
260 _aGdańsk :
_bWydawnictwo Gdańskie,
_c1996.
300 _a161 pp ;
_c21 cm.
650 9 _aEnglish literature
_xHistory
020 _a8385843612 (pbk)
040 _cBPK
041 0 _aeng
920 _a83-85843-61-2 (pbk)
942 _cKS
008 s uk f |000 0 eng
999 _c48115
_d48115
856 _uhttp://koha.tu.koszalin.pl/cgi-bin/koha/opac-detail.pl?biblionumber=48115
_yKatalog online BPK